Bases militaires britanniques à l'étranger sur une carte - Statistiques

Statistiques générales
  • Ce quiz a été pris 28 fois
  • Le résultat moyen est 13 sur 18
Réponses sur la Carte
Les réponses sont colorées sur une échelle allant du rouge au vert en fonction du pourcentage des utilisateurs qui les ont devinées à leur premier essai. Vous pouvez retrouver ces pourcentages ci-dessous.
 
Statistiques - réponses
Base name Réponse % Correct
British Army Training Unit Suffield Canada
85%
Troödos Station Chypre
81%
Akrotiri Base Chypre
81%
Dhekalia Base Chypre
81%
?-British Joint Training Area Oman
78%
Joint Logistics Support Base Oman
78%
Donnelly Lines Émirats Arabes Unis
74%
British Army Training Unit ? Kenya
74%
Nyati Barracks Kenya
74%
Dol Dol Training Area Kenya
74%
Archers Post Trainign Area Kenya
74%
No. 83 Expeditionary Air Group Qatar
74%
British Defence ? Support Unit Singapour
70%
British Army ? Allemagne
63%
Camp Viking Norvège
63%
United Kingdom Naval Support Facility Bahreïn
56%
British Army Training and Support Unit ? Belize
56%
British Forces ? Brunei
44%
Aucun quiz correspondant
Distribution des résultats
% des personnes avec chaque résultat
Percentile par nombre de réponses
Votre historique - résultats
Vous n’avez pas pris ce quiz